Instructor's manual to accompany business, society, and environment: social power and social response
Salvato in:
| Autori principali: | , |
|---|---|
| Natura: | Libro |
| Lingua: | inglese |
| Pubblicazione: |
Nueva York
McGraw-Hill
1970
|
| Edizione: | 2a. ed |
| Soggetti: | |
| Tags: |
Aggiungi Tag
Nessun Tag, puoi essere il primo ad aggiungerne!!
|
MARC
| LEADER | 00000nam a2200000 a 4500 | ||
|---|---|---|---|
| 001 | UCR9779 | ||
| 003 | CL-VaPUC | ||
| 008 | 980619e19700000US |||||||||||||||||eng|d | ||
| 082 | 0 | 4 | |a 658.8 |b DAV |2 21 |
| 100 | 0 | |a Davis, Keith |e author |9 412665 | |
| 700 | 0 | |a Blomstrom, Robert |e author |9 412666 | |
| 245 | 1 | 0 | |a Instructor's manual to accompany business, society, and environment: social power and social response |
| 250 | |a 2a. ed | ||
| 300 | |a 86 p | ||
| 942 | |c BK | ||
| 945 | |d 19980619 00:00:00 |a cmena | ||
| 260 | |a Nueva York |b McGraw-Hill |c 1970 | ||
| 650 | 0 | |a Comercio |9 255341 | |
| 650 | 0 | |a Marketing |9 259324 | |
| 650 | 0 | |a Sociedad |9 307903 | |
| 650 | 7 | |a MEDIO SOCIAL |2 CL-VaPUC |9 335849 | |
| 650 | 7 | |a SOCIEDADES DE CONSUMO |2 CL-VaPUC |9 388149 | |
| 650 | 0 | |a Depreciación |9 358644 | |
| 650 | 0 | |a Valor económico |9 352307 | |
| 650 | 0 | |a Responsabilidad social |9 339076 | |
| 650 | 0 | |a Medio ambiente |9 257625 | |
| 583 | |a last modification |c 19980619 00:00:00 |k Rodrigo Vera | ||
| 999 | |c 270955 |d 270953 | ||
| 952 | |0 0 |1 0 |4 0 |6 658_800000000000000_DAV_1970 |7 0 |8 A |9 305421 |a BIBGIM |b BIBGIM |d 2019-11-20 |i 1420410 |o 658.8 DAV 1970 |p 1420410 |r 2025-01-15 |w 2019-11-20 |y BK |k COM | ||